000 01361nam a22003737a 4500
003 CHAP
005 20220329135714.0
008 971013s1995 r 00010 d
010 _a40845
011 _a41817
035 _a45943
040 _cCHAP
090 _aTesis
100 0 0 _aNúñez Arias, Ileana Margarita.
_981915
245 _aAgroecología del haba, Vicia faba L. con énfasis en frailecillo, Macrodactylus sp. (Scarabaeidae : Melolonthinae) en Cocotitlán, Estado de México
260 _aChapingo, Méx. :
_bEl autor,
_c1995
300 _a76 h.
_b: ilus. ; gráfs
502 _aTesis (Ing. en Agroecología) -- UACH. Programa de Agroecología
590 _aALEPH
_b10
_c20130110
_lUCH01
_h1309
590 _aBATCH-UPD
_b10
_c20130110
_lUCH01
_h0208
590 _aBATCH-UPD
_b10
_c20130110
_lUCH01
_h1958
590 _aBATCH-UPD
_b10
_c20130410
_lUCH01
_h1319
590 _aBATCH-UPD
_b10
_c20130914
_lUCH01
_h1249
590 _aCONVERSION
_b10
_c20130109
_lUCH01
_h1323
650 1 4 _aEcología agrícola.
_935165
650 1 4 _aHaba
_xPlagas.
_952118
650 1 4 _aHaba
_zMéxico (Edo.).
_952130
650 1 4 _aMacrodactylus nigripes.
_969547
700 0 _aBallesteros Sandoval, Valdemar.
_99733
901 _aBK
942 _cFOLL
949 _bBC
_cTES
_d-104783
_eTS1
_h30394
_i45943
_si
949 _bBC
_cTES
_d33724000004552
_eTS2
_fc.2
_h30395
_i45943
_si
999 _c40845
_d40845